<?xml version="1.0" encoding="UTF-8"?>
<collection xmlns="http://www.loc.gov/MARC21/slim">
  <record>
    <leader>00000nam  2200000   4500</leader>
    <controlfield tag="001">INLIS000000000002247</controlfield>
    <controlfield tag="005">20180724144534</controlfield>
    <controlfield tag="008">180724|||||||||   |   |||   |||| ||   | </controlfield>
    <datafield tag="035" ind1=" " ind2=" ">
      <subfield code="0">010-0718002247</subfield>
    </datafield>
    <datafield tag="041" ind1=" " ind2=" ">
      <subfield code="a">id</subfield>
    </datafield>
    <datafield tag="082" ind1=" " ind2=" ">
      <subfield code="a">R.04 PIM II 2017</subfield>
    </datafield>
    <datafield tag="090" ind1=" " ind2=" ">
      <subfield code="a">R.04 PIM II 2017</subfield>
    </datafield>
    <datafield tag="100" ind1=" " ind2=" ">
      <subfield code="a">Supriyadi, Yusuf</subfield>
    </datafield>
    <datafield tag="245" ind1=" " ind2=" ">
      <subfield code="a">Strategi Integrasi Pengembangan Kapasitas SDM BMKG Berbasis Kompetensi</subfield>
    </datafield>
    <datafield tag="260" ind1=" " ind2=" ">
      <subfield code="a">Jakarta</subfield>
      <subfield code="b">LAN Jakarta</subfield>
      <subfield code="c">2017</subfield>
    </datafield>
    <datafield tag="300" ind1=" " ind2=" ">
      <subfield code="a">vii:, 29 hlm:, 30 cm</subfield>
    </datafield>
    <datafield tag="500" ind1=" " ind2=" ">
      <subfield code="a">Sejalan dengan tujuan Reformasi Birokrasi (RB) yaitu pemerintah yang bersih, akuntabel, dan berkinerja tinggi, pemerintah yang efektif dan efisien, serta pelayanan publik yang berkualitas.  Dalam rangka mewujudkan tujuan RB tersebut, BMKG melaksanakan proses percepatan penerapan 9 program RB untuk mencapai 8 area perubahan.  Melalui program RB dalam rangka meningkatkan kinerja dan layanan kepada masyarakat, serta menghadapi tantangan ke depan.  Hal ini menuntut konsekuensi peningkatan pengelolaan SDM, yang meliputi peningkatan kualitas SDM, penempatan SDM yang kompeten pada tempat dan waktu yang sesuai, sistem pola karir yang jelas dan terukur, pengelolaan SDM berbasis kompetensi, serta keakuratan dan kecepatan penyajian informasi SDM sesuai kebutuhan organisasi.</subfield>
    </datafield>
    <datafield tag="650" ind1=" " ind2=" ">
      <subfield code="a">Pegembangan Kapasitas</subfield>
    </datafield>
  </record>
</collection>
